[Event "Copenhagen Unibank"]
[Site "Copenhagen"]
[Date "1991.08.03"]
[Round "8"]
[White "Skousen, Nikolai"]
[Black "Jorgensen, Brian"]
[Result "1/2-1/2"]
[WhiteElo "2245"]
[BlackElo "2240"]
[PlyCount "22"]
[EventDate "1991.07.??"]
[EventType "swiss"]
[EventRounds "9"]
[EventCountry "DEN"]

1. e4 c5 2. Nf3 Nc6 3. Bb5 e6 4. O-O Nge7 5. Re1 a6 6. Bf1 d6 7. c3 b5 8. a4 b4 9. d4 cxd4 10. cxd4 d5 11. Nbd2 Qb6 1/2-1/2

[Event "Copenhagen Unibank"]
[Site "Copenhagen"]
[Date "1991.07.30"]
[Round "4"]
[White "Skousen, Nikolai"]
[Black "Borge, Nikolaj"]
[Result "0-1"]
[WhiteElo "2245"]
[BlackElo "2285"]
[PlyCount "76"]
[EventDate "1991.07.??"]
[EventType "swiss"]
[EventRounds "9"]
[EventCountry "DEN"]

1. e4 c5 2. Nf3 d6 3. d4 cxd4 4. Nxd4 Nf6 5. Nc3 g6 6. Be3 Bg7 7. f3 O-O 8. Qd2 Nc6 9. Bc4 Bd7 10. h4 Rc8 11. Bb3 Ne5 12. O-O-O Nc4 13. Bxc4 Rxc4 14. h5 Nxh5 15. g4 Nf6 16. Bh6 Nxe4 17. Qe3 Rxc3 18. bxc3 Nf6 19. Bxg7 Kxg7 20. Rh2 Rg8 21. Ne2 Kf8 22. Qxa7 Qc7 23. Qd4 Qa5 24. Qb4 Qe5 25. Qf4 Qc5 26. Kb2 h5 27. g5 Nd5 28. Qd4 Ne3 29. Rg1 Nc4+ 30. Ka1 Qc6 31. Ng3 e5 32. Qd3 Ke7 33. Rb1 Ra8 34. Rb4 Be6 35. Ne4 Ra3 36. Nd2 Qa6 37. Rxc4 Rxa2+ 38. Kb1 Ra1+ 0-1

[Event "Copenhagen Unibank"]
[Site "Copenhagen"]
[Date "1991.08.01"]
[Round "6"]
[White "Sorensen, Torben N"]
[Black "Nielsen, Uffe V"]
[Result "1/2-1/2"]
[WhiteElo "2280"]
[BlackElo "2300"]
[PlyCount "71"]
[EventDate "1991.07.??"]
[EventType "swiss"]
[EventRounds "9"]
[EventCountry "DEN"]

1. Nf3 g6 2. c4 Bg7 3. Nc3 Nf6 4. g3 O-O 5. Bg2 c5 6. O-O Nc6 7. d3 d6 8. Rb1 Rb8 9. a3 a6 10. b4 cxb4 11. axb4 b5 12. cxb5 axb5 13. d4 Bf5 14. Rb3 Ne4 15. Nxe4 Bxe4 16. d5 Bxf3 17. exf3 Ne5 18. f4 Nc4 19. f5 Qd7 20. fxg6 hxg6 21. Qe2 Bf6 22. h4 Kg7 23. Bf4 Ra8 24. Be4 Ne5 25. Kg2 Rh8 26. Bxe5 Bxe5 27. Rh1 Bf6 28. Rbb1 Rh5 29. Bf3 Re5 30. Qd3 Ra2 31. h5 gxh5 32. Rxh5 Rxh5 33. Bxh5 Qa7 34. Be2 Qd4 35. Qf3 Rd2 36. Bxb5 1/2-1/2

[Event "Copenhagen Unibank"]
[Site "Copenhagen"]
[Date "1991.07.30"]
[Round "4"]
[White "Sorensen, Torben N"]
[Black "Bus, Mariusz"]
[Result "1/2-1/2"]
[WhiteElo "2280"]
[BlackElo "2415"]
[PlyCount "49"]
[EventDate "1991.07.??"]
[EventType "swiss"]
[EventRounds "9"]
[EventCountry "DEN"]

1. Nf3 Nc6 2. d4 d6 3. d5 Ne5 4. Nxe5 dxe5 5. e4 Nf6 6. Bb5+ Bd7 7. Qe2 a6 8. Bxd7+ Qxd7 9. f3 e6 10. dxe6 Qxe6 11. Be3 Bb4+ 12. c3 Ba5 13. Nd2 Bb6 14. Bxb6 Qxb6 15. Nc4 Qe6 16. O-O O-O 17. Rfd1 h6 18. b4 Rfd8 19. a4 Nh5 20. g3 Nf6 21. a5 h5 22. Ne3 g6 23. Qc4 Qe7 24. Kg2 Kg7 25. Rab1 1/2-1/2

[Event "Copenhagen Unibank"]
[Site "Copenhagen"]
[Date "1991.07.30"]
[Round "4"]
[White "Stein, Bernd"]
[Black "Yurtaev, Leonid"]
[Result "1/2-1/2"]
[WhiteElo "2355"]
[BlackElo "2525"]
[PlyCount "109"]
[EventDate "1991.07.??"]
[EventType "swiss"]
[EventRounds "9"]
[EventCountry "DEN"]

1. Nf3 Nf6 2. b3 g6 3. Bb2 Bg7 4. c4 d6 5. d4 O-O 6. g3 a5 7. Nc3 Nbd7 8. Bg2 e5 9. dxe5 dxe5 10. O-O e4 11. Nd4 e3 12. f4 Re8 13. Nc2 Ng4 14. Qc1 Ndf6 15. Rd1 Qe7 16. Ba3 c5 17. Nd5 Nxd5 18. cxd5 Ra6 19. Nd4 Nf2 20. Bxc5 Qf6 21. Qc4 Bd7 22. d6 Nxd1 23. Rxd1 Rxd6 24. Bxd6 Qxd6 25. Bxb7 Rb8 26. Qd5 Qc7 27. Bc6 Bh3 28. Nf3 Bf6 29. Qe4 Kg7 30. Ne5 Rc8 31. Bb5 Qc3 32. Bc4 Rd8 33. Nd3 Qd2 34. Rxd2 exd2 35. Nf2 d1=Q+ 36. Nxd1 Rxd1+ 37. Kf2 Bd4+ 38. e3 Rd2+ 39. Be2 Bf6 40. Ke1 Rxa2 41. Qc6 Be6 42. Bd1 Rxh2 43. Qc5 h5 44. e4 h4 45. g4 h3 46. g5 Rh1+ 47. Kf2 Bxg5 48. Qxg5 Rxd1 49. f5 h2 50. f6+ Kf8 51. Qxa5 Kg8 52. Qa8+ Kh7 53. Qf8 Rf1+ 54. Kg3 Rxf6 55. Kxh2 1/2-1/2

[Event "Copenhagen Unibank"]
[Site "Copenhagen"]
[Date "1991.08.02"]
[Round "7"]
[White "Stein, Bernd"]
[Black "Borge, Nikolaj"]
[Result "0-1"]
[WhiteElo "2355"]
[BlackElo "2285"]
[PlyCount "64"]
[EventDate "1991.07.??"]
[EventType "swiss"]
[EventRounds "9"]
[EventCountry "DEN"]

1. Nf3 f5 2. b3 d6 3. d4 Nf6 4. Bb2 g6 5. e3 Bg7 6. Be2 O-O 7. O-O Qe8 8. c4 Nc6 9. d5 Nd8 10. Nbd2 c6 11. dxc6 bxc6 12. Qc2 e5 13. e4 Ne6 14. Bd3 Nf4 15. Rfe1 fxe4 16. Nxe4 Nxe4 17. Bxe4 d5 18. cxd5 cxd5 19. Bd3 e4 20. Bxg7 Kxg7 21. Bf1 Qd8 22. Qc3+ Kg8 23. Nd4 Qg5 24. Qg3 Qf6 25. Qe3 Ba6 26. Nb5 Rac8 27. Rac1 Rxc1 28. Rxc1 Bxb5 29. Bxb5 Qg5 30. Bf1 d4 31. Bc4+ Kg7 32. Qxd4+ Kh6 0-1

[Event "Copenhagen Unibank"]
[Site "Copenhagen"]
[Date "1991.07.31"]
[Round "5"]
[White "Stein, Bernd"]
[Black "Schmidt, Wlodzimierz"]
[Result "1/2-1/2"]
[WhiteElo "2355"]
[BlackElo "2460"]
[PlyCount "29"]
[EventDate "1991.07.??"]
[EventType "swiss"]
[EventRounds "9"]
[EventCountry "DEN"]

1. Nf3 Nf6 2. b3 g6 3. Bb2 Bg7 4. g3 c5 5. c4 b6 6. Bg2 Bb7 7. O-O O-O 8. Nc3 Na6 9. a3 e6 10. e3 d5 11. cxd5 Nxd5 12. Qc2 Qe7 13. Nxd5 Bxd5 14. Bxg7 Kxg7 15. d4 1/2-1/2

[Event "Copenhagen Unibank"]
[Site "Copenhagen"]
[Date "1991.07.28"]
[Round "2"]
[White "Stein, Bernd"]
[Black "Jorgensen, Brian Jorgen"]
[Result "1-0"]
[WhiteElo "2355"]
[BlackElo "2270"]
[PlyCount "41"]
[EventDate "1991.07.??"]
[EventType "swiss"]
[EventRounds "9"]
[EventCountry "DEN"]

1. Nf3 f5 2. b3 d6 3. d4 Nf6 4. Bb2 g6 5. e3 Bg7 6. Be2 O-O 7. O-O c6 8. c4 Na6 9. Nbd2 h6 10. a3 e5 11. dxe5 Nd7 12. b4 dxe5 13. c5 Nc7 14. Qb3+ Kh7 15. e4 Qe7 16. Rfe1 f4 17. Nc4 g5 18. h3 h5 19. Rad1 Ne6 20. Nd6 g4 21. Qxe6 1-0

[Event "Copenhagen Unibank"]
[Site "Copenhagen"]
[Date "1991.08.03"]
[Round "8"]
[White "Suba, Mihai"]
[Black "Hoi, Carsten"]
[Result "1-0"]
[WhiteElo "2520"]
[BlackElo "2440"]
[PlyCount "113"]
[EventDate "1991.07.??"]
[EventType "swiss"]
[EventRounds "9"]
[EventCountry "DEN"]

1. c4 g6 2. d4 Bg7 3. Nc3 d6 4. e4 Nc6 5. d5 Nd4 6. Be3 c5 7. dxc6 Nxc6 8. Qd2 Qa5 9. Rc1 Nf6 10. f3 O-O 11. Nge2 Bd7 12. b3 Rfc8 13. Nf4 e5 14. Nfe2 Nb4 15. Ng3 b5 16. Kf2 h5 17. h4 a6 18. Be2 bxc4 19. Bxc4 Bb5 20. a3 Nc6 21. Nd5 Qxd2+ 22. Bxd2 Bxc4 23. Nb6 Bxb3 24. Nxa8 Nd7 25. Be3 Ba4 26. Nb6 Nxb6 27. Bxb6 Rb8 28. Rb1 Bf6 29. Ne2 Bc2 30. Rb2 Bd3 31. Nc3 Bd8 32. Na4 Bb5 33. Bxd8 Rxd8 34. Nc3 Nd4 35. a4 Be8 36. Rhb1 Rc8 37. Nd5 Kg7 38. Kg3 Rc4 39. Rb4 Rc2 40. R1b2 Rc5 41. Rb6 a5 42. Rxd6 Bxa4 43. Nb6 Bc6 44. Nd7 Bxd7 45. Rxd7 Rc6 46. Rbb7 Rf6 47. Ra7 Ne2+ 48. Kf2 Nf4 49. g3 Ne6 50. Rd6 g5 51. hxg5 Rg6 52. Rxa5 Rxg5 53. Rd7 Kf6 54. Rdd5 h4 55. gxh4 Rh5 56. Kg3 Nf4 57. Kg4 1-0

[Event "Copenhagen Unibank"]
[Site "Copenhagen"]
[Date "1991.07.30"]
[Round "4"]
[White "Suba, Mihai"]
[Black "Jorgensen, Brian"]
[Result "1-0"]
[WhiteElo "2520"]
[BlackElo "2240"]
[PlyCount "59"]
[EventDate "1991.07.??"]
[EventType "swiss"]
[EventRounds "9"]
[EventCountry "DEN"]

1. c4 c5 2. Nf3 Nc6 3. Nc3 g6 4. e3 Bg7 5. d4 d6 6. Be2 Bg4 7. O-O Nh6 8. d5 Na5 9. Qc2 O-O 10. b3 a6 11. Rb1 Rb8 12. a4 e5 13. dxe6 fxe6 14. Rd1 Qe7 15. Bb2 Nc6 16. h3 Bxf3 17. Bxf3 Ne5 18. Be2 Rbd8 19. Rd2 Nf5 20. Rbd1 Nf7 21. Bg4 Ng5 22. Rd3 h5 23. Bxf5 gxf5 24. Ne2 e5 25. Rd5 Qe6 26. Qd3 Nf7 27. Ng3 e4 28. Qe2 h4 29. Bxg7 Kxg7 30. Nxf5+ 1-0

[Event "Copenhagen Unibank"]
[Site "Copenhagen"]
[Date "1991.07.28"]
[Round "2"]
[White "Suba, Mihai"]
[Black "Olesen, Martin"]
[Result "0-1"]
[WhiteElo "2520"]
[BlackElo "2325"]
[PlyCount "72"]
[EventDate "1991.07.??"]
[EventType "swiss"]
[EventRounds "9"]
[EventCountry "DEN"]

1. c4 Nf6 2. Nf3 c5 3. Nc3 b6 4. e4 d6 5. d4 cxd4 6. Nxd4 Bb7 7. Bd3 e6 8. O-O Be7 9. Re1 O-O 10. b3 Nbd7 11. Bc2 a6 12. a4 Qc7 13. Ba3 Rad8 14. Bb4 Qb8 15. a5 bxa5 16. Bxa5 Rc8 17. Re3 Rfe8 18. Qe2 Bf8 19. Rd1 Ne5 20. Rh3 Ng6 21. Qd2 Ba8 22. Nde2 Rc5 23. Na4 Re5 24. Ng3 Nxe4 25. Bxe4 Bxe4 26. Bc3 Qxb3 27. Bxe5 Bxg2 28. Kxg2 dxe5 29. Nh5 Qxa4 30. Qd3 Rc8 31. Rc1 Bc5 32. Qe4 Rb8 33. Rc2 f5 34. Qe2 Qc6+ 35. f3 Rb1 36. Rb2 Rg1# 0-1

[Event "Copenhagen Unibank"]
[Site "Copenhagen"]
[Date "1991.08.01"]
[Round "6"]
[White "Suba, Mihai"]
[Black "Barbero, Gerardo F"]
[Result "1-0"]
[WhiteElo "2520"]
[BlackElo "2485"]
[PlyCount "65"]
[EventDate "1991.07.??"]
[EventType "swiss"]
[EventRounds "9"]
[EventCountry "DEN"]

1. c4 g6 2. d4 Bg7 3. Nc3 Nf6 4. e4 d6 5. h3 O-O 6. Bg5 c5 7. d5 e6 8. Bd3 exd5 9. exd5 Re8+ 10. Nge2 Nbd7 11. f4 h6 12. Bh4 a6 13. a4 Qc7 14. O-O Nf8 15. Ng3 N6h7 16. Qd2 Bd4+ 17. Kh1 Be3 18. Qc2 g5 19. fxg5 hxg5 20. Rfe1 Bd7 21. Nf1 Bd4 22. Bg3 Nf6 23. Qd2 N8h7 24. Bxh7+ Nxh7 25. Ne4 Qb6 26. Nxd6 Rxe1 27. Qxe1 Bf6 28. a5 Qb3 29. Nd2 Qxb2 30. Rb1 Qc3 31. Rxb7 Nf8 32. N6e4 Qd4 33. Nf3 1-0

[Event "Copenhagen Unibank"]
[Site "Copenhagen"]
[Date "1991.08.01"]
[Round "6"]
[White "Vogt, Lothar"]
[Black "Bus, Mariusz"]
[Result "1-0"]
[WhiteElo "2510"]
[BlackElo "2415"]
[PlyCount "49"]
[EventDate "1991.07.??"]
[EventType "swiss"]
[EventRounds "9"]
[EventCountry "DEN"]

1. e4 e6 2. d4 d5 3. Nc3 Bb4 4. e5 c5 5. a3 Bxc3+ 6. bxc3 Ne7 7. Qg4 O-O 8. Bd3 f5 9. exf6 Rxf6 10. Bg5 Rf7 11. Qh5 g6 12. Qd1 Nbc6 13. Nf3 Qa5 14. Bd2 Qa4 15. O-O cxd4 16. cxd4 Nxd4 17. Ne5 Rf8 18. Bb4 Re8 19. Bxg6 hxg6 20. Qxd4 a5 21. Ng4 e5 22. Nf6+ Kf7 23. Qxe5 axb4 24. axb4 Nf5 25. Nxe8 1-0

[Event "Copenhagen Unibank"]
[Site "Copenhagen"]
[Date "1991.07.30"]
[Round "4"]
[White "Vogt, Lothar"]
[Black "Danielsen, Henrik"]
[Result "1/2-1/2"]
[WhiteElo "2510"]
[BlackElo "2405"]
[PlyCount "68"]
[EventDate "1991.07.??"]
[EventType "swiss"]
[EventRounds "9"]
[EventCountry "DEN"]

1. e4 c6 2. d4 d5 3. Nd2 dxe4 4. Nxe4 Bf5 5. Ng3 Bg6 6. h4 h6 7. Nf3 Nd7 8. h5 Bh7 9. Bd3 Bxd3 10. Qxd3 e6 11. Bf4 Bb4+ 12. c3 Be7 13. Ne4 Ngf6 14. Nd6+ Bxd6 15. Bxd6 Qa5 16. Bb4 Qc7 17. c4 c5 18. Bc3 O-O 19. O-O-O cxd4 20. Qxd4 Rfc8 21. Rh4 b5 22. cxb5 a6 23. bxa6 Rxa6 24. Kb1 Rca8 25. a3 Qb7 26. Bb4 Nb6 27. Ne1 Nbd5 28. Nd3 Nxb4 29. Nxb4 Ra5 30. f3 Rb5 31. Rhh1 Rb8 32. Rd2 Nxh5 33. Rhd1 Nf6 34. Qc3 Nd5 1/2-1/2

[Event "Copenhagen Unibank"]
[Site "Copenhagen"]
[Date "1991.07.28"]
[Round "2"]
[White "Vogt, Lothar"]
[Black "Nielsen, Uffe V"]
[Result "1-0"]
[WhiteElo "2510"]
[BlackElo "2300"]
[PlyCount "79"]
[EventDate "1991.07.??"]
[EventType "swiss"]
[EventRounds "9"]
[EventCountry "DEN"]

1. e4 c5 2. Nf3 e6 3. d4 cxd4 4. Nxd4 a6 5. Bd3 Qc7 6. O-O Nf6 7. Qe2 d6 8. c4 g6 9. Nc3 Bg7 10. f4 O-O 11. Kh1 Nc6 12. Nxc6 Qxc6 13. e5 dxe5 14. fxe5 Nd7 15. Bf4 Qc7 16. Rae1 Kh8 17. Ne4 Bxe5 18. Qe3 Bxf4 19. Rxf4 f5 20. Ng5 Nf6 21. Rh4 Bd7 22. Qd4 Kg8 23. c5 Bb5 24. Nxe6 Rae8 25. Bc2 Qa5 26. Qg1 Bc6 27. Bb3 Kh8 28. Rd1 Rf7 29. Rhd4 Rfe7 30. Rd6 Qb4 31. R1d4 Qb5 32. h3 Ne4 33. Rxe4 Bxe4 34. Qd4+ Kg8 35. Ng5+ Qxb3 36. axb3 Bc6 37. Qc4+ Kf8 38. Rf6+ Kg7 39. Rf7+ Kh6 40. Qh4# 1-0

[Event "Copenhagen Unibank"]
[Site "Copenhagen"]
[Date "1991.08.03"]
[Round "8"]
[White "Vogt, Lothar"]
[Black "Schandorff, Lars"]
[Result "0-1"]
[WhiteElo "2510"]
[BlackElo "2425"]
[PlyCount "140"]
[EventDate "1991.07.??"]
[EventType "swiss"]
[EventRounds "9"]
[EventCountry "DEN"]

1. e4 e5 2. Nf3 Nc6 3. Bb5 a6 4. Ba4 Nf6 5. O-O Be7 6. Re1 b5 7. Bb3 d6 8. c3 O-O 9. h3 Be6 10. d4 Bxb3 11. Qxb3 d5 12. exd5 Na5 13. Qc2 exd4 14. cxd4 Nxd5 15. Nc3 c6 16. b3 Rc8 17. Bd2 Nb7 18. Rad1 Re8 19. Ne4 f6 20. Ng3 Qd7 21. Re2 Bf8 22. Rde1 Rxe2 23. Rxe2 c5 24. dxc5 Nxc5 25. Ne4 Ne6 26. Qd3 Qc6 27. Re1 Nef4 28. Qd4 Ba3 29. Kh2 Ne6 30. Qd3 Ndf4 31. Qe3 f5 32. Ng3 g6 33. b4 Bb2 34. Nf1 Bf6 35. Rc1 Qd7 36. Rxc8+ Qxc8 37. g3 Nd5 38. Qa7 f4 39. g4 Bd8 40. Ne5 Bc7 41. Nc6 Bd6 42. Na5 Nxb4 43. Nb7 Bb8 44. Qb6 Qc6 45. Qxc6 Nxc6 46. Kg2 Bc7 47. Bc3 Kf7 48. Nd2 Be5 49. Bxe5 Nxe5 50. Ne4 Nd3 51. h4 Nc1 52. a3 Nd3 53. g5 Ne1+ 54. Kh3 Nc2 55. Nbc5 Nxc5 56. Nxc5 a5 57. Nb7 Nxa3 58. Nxa5 Ke6 59. Kg4 Ke5 60. h5 Nc4 61. Nc6+ Ke4 62. f3+ Ke3 63. h6 Nd2 64. Ne7 Nxf3 65. Nd5+ Kd4 66. Nc7 Ne5+ 67. Kxf4 Nd3+ 68. Kf3 b4 69. Ke2 Nf4+ 70. Kd2 Ke5 0-1

[Event "Copenhagen Unibank"]
[Site "Copenhagen"]
[Date "1991.08.02"]
[Round "7"]
[White "Vyzmanavin, Alexey"]
[Black "Suba, Mihai"]
[Result "1-0"]
[WhiteElo "2590"]
[BlackElo "2520"]
[PlyCount "115"]
[EventDate "1991.07.??"]
[EventType "swiss"]
[EventRounds "9"]
[EventCountry "DEN"]

1. d4 Nf6 2. c4 e6 3. Nf3 c5 4. d5 d6 5. Nc3 exd5 6. cxd5 g6 7. e4 a6 8. h3 b5 9. Bd3 Bg7 10. O-O O-O 11. Bf4 Bb7 12. Re1 Qb6 13. Rc1 Nbd7 14. b3 Nh5 15. Be3 Qa5 16. Qd2 Rfe8 17. a4 c4 18. bxc4 bxc4 19. Bxc4 Rac8 20. Nd1 Qxa4 21. Nb2 Qa3 22. Nd4 Nhf6 23. f3 Nb6 24. Ra1 Qc5 25. Rec1 Nxe4 26. fxe4 Rxe4 27. Bxa6 Bxd4 28. Bxd4 Rxd4 29. Qf2 Qb4 30. Rxc8+ Bxc8 31. Nd3 Rxd3 32. Bxd3 Nxd5 33. Ra8 Qc3 34. Ba6 Qa1+ 35. Qf1 Qd4+ 36. Kh1 Nb6 37. Rxc8+ Nxc8 38. Bxc8 Kg7 39. Bb7 Qe5 40. Qf3 Qe1+ 41. Kh2 Qe5+ 42. Qg3 f5 43. Qxe5+ dxe5 44. Kg3 g5 45. Kf3 h5 46. Ke3 Kf6 47. Bc8 h4 48. Kd3 Kg6 49. Kc4 g4 50. hxg4 f4 51. Kd3 f3 52. Bb7 fxg2 53. Bxg2 Kg5 54. Bh3 Kf4 55. Ke2 e4 56. Kf2 e3+ 57. Ke2 Kg3 58. g5 1-0

[Event "Copenhagen Unibank"]
[Site "Copenhagen"]
[Date "1991.07.31"]
[Round "5"]
[White "Vyzmanavin, Alexey"]
[Black "Asanov, Bolat"]
[Result "1-0"]
[WhiteElo "2590"]
[BlackElo "2400"]
[PlyCount "81"]
[EventDate "1991.07.??"]
[EventType "swiss"]
[EventRounds "9"]
[EventCountry "DEN"]

1. d4 Nf6 2. c4 g6 3. Nc3 Bg7 4. e4 d6 5. f3 O-O 6. Be3 Nbd7 7. Qd2 e5 8. d5 Nh5 9. O-O-O f5 10. exf5 gxf5 11. Bd3 e4 12. fxe4 Ne5 13. Nf3 Nxd3+ 14. Qxd3 fxe4 15. Nxe4 Nf4 16. Qd2 Bf5 17. Bxf4 Bxe4 18. Bh6 Bxh6 19. Qxh6 Qf6 20. Qxf6 Rxf6 21. Ng5 Bf5 22. Rd2 Rg6 23. Nf3 Be4 24. Re1 Bxf3 25. gxf3 Rf8 26. Re3 Rf4 27. b3 Rgf6 28. Rf2 Kf7 29. Kd2 a5 30. Ke2 Rh4 31. Re4 Rh3 32. Ke3 Rfh6 33. Rf4+ Ke8 34. Rg2 Rg6 35. Kf2 Ke7 36. Rxg6 hxg6 37. Kg2 Rh5 38. Kg3 c6 39. Rh4 Rf5 40. Rh7+ Kf6 41. Rd7 1-0

[Event "Copenhagen Unibank"]
[Site "Copenhagen"]
[Date "1991.08.04"]
[Round "9"]
[White "Vyzmanavin, Alexey"]
[Black "Schandorff, Lars"]
[Result "0-1"]
[WhiteElo "2590"]
[BlackElo "2425"]
[PlyCount "75"]
[EventDate "1991.07.??"]
[EventType "swiss"]
[EventRounds "9"]
[EventCountry "DEN"]

1. d4 Nf6 2. c4 d6 3. Nf3 g6 4. g3 Bg7 5. Bg2 O-O 6. O-O Nbd7 7. Nc3 e5 8. e4 c6 9. h3 Qb6 10. b3 exd4 11. Na4 Qc7 12. Nxd4 a6 13. Nc3 Rb8 14. Be3 Re8 15. Rc1 Nc5 16. Qc2 h6 17. Rfe1 a5 18. Rcd1 Bd7 19. Kh2 Kh7 20. a3 Rbd8 21. b4 axb4 22. axb4 Na6 23. Rb1 Re5 24. Kg1 Rh5 25. g4 Bxg4 26. hxg4 Nxg4 27. Qe2 Nxe3 28. Qxe3 d5 29. cxd5 Qh2+ 30. Kf1 Rg5 31. Bf3 cxd5 32. Nxd5 Nc7 33. Ke2 Nxd5 34. exd5 Re5 35. Be4 Rde8 36. Ne6 Qh5+ 37. f3 Qh2+ 38. Qf2 {Hvid taber paa tid} 0-1

[Event "Copenhagen Unibank"]
[Site "Copenhagen"]
[Date "1991.07.27"]
[Round "1"]
[White "Vyzmanavin, Alexey"]
[Black "Stein, Bernd"]
[Result "1-0"]
[WhiteElo "2590"]
[BlackElo "2355"]
[PlyCount "61"]
[EventDate "1991.07.??"]
[EventType "swiss"]
[EventRounds "9"]
[EventCountry "DEN"]

1. d4 Nf6 2. c4 d6 3. Nf3 Nbd7 4. Nc3 e5 5. Bg5 Be7 6. e3 Ng8 7. Bxe7 Nxe7 8. Be2 O-O 9. O-O Nc6 10. d5 Ne7 11. b4 a5 12. a3 b6 13. Rc1 Ng6 14. Qc2 f5 15. Rfd1 Rf7 16. Bf1 Ngf8 17. Nd2 g5 18. Nb3 axb4 19. axb4 Nf6 20. c5 bxc5 21. bxc5 f4 22. Nd2 fxe3 23. fxe3 Ng4 24. Re1 Ng6 25. Nde4 Nh4 26. Bd3 Bf5 27. Qe2 h6 28. Rf1 Nf6 29. g3 Nxe4 30. Nxe4 Ng6 31. Nxd6 1-0

[Event "Copenhagen Unibank"]
[Site "Copenhagen"]
[Date "1991.07.30"]
[Round "4"]
[White "Warwaszynski, Zbigniew"]
[Black "Kubien, Jerzy"]
[Result "0-1"]
[WhiteElo "2290"]
[BlackElo "2260"]
[PlyCount "66"]
[EventDate "1991.07.??"]
[EventType "swiss"]
[EventRounds "9"]
[EventCountry "DEN"]

1. e4 c5 2. Nf3 Nc6 3. Bb5 g6 4. O-O Bg7 5. c3 a6 6. Bxc6 dxc6 7. h3 e5 8. d3 Qd6 9. a4 b5 10. Qe2 Nf6 11. d4 Nd7 12. dxe5 Nxe5 13. Rd1 Qe7 14. Nxe5 Qxe5 15. Qf3 O-O 16. Bf4 Qe6 17. Bd6 Re8 18. Bxc5 Qb3 19. Rd2 bxa4 20. Bd4 Be6 21. Bxg7 Kxg7 22. Ra3 Qb5 23. Qd1 Bb3 24. Qe2 Rad8 25. Qe3 Rb8 26. Rd6 Bc2 27. Qd4+ Kg8 28. c4 Qb4 29. Nd2 c5 30. Qf6 Qxb2 31. Qxb2 Rxb2 32. Rxa6 Rd8 33. Nf1 Rb1 0-1

[Event "Copenhagen Unibank"]
[Site "Copenhagen"]
[Date "1991.08.01"]
[Round "6"]
[White "Warwaszynski, Zbigniew"]
[Black "Bogo, Soren"]
[Result "1-0"]
[WhiteElo "2290"]
[BlackElo "2255"]
[PlyCount "69"]
[EventDate "1991.07.??"]
[EventType "swiss"]
[EventRounds "9"]
[EventCountry "DEN"]

1. e4 c6 2. d4 d5 3. Nd2 dxe4 4. Nxe4 Nf6 5. Nxf6+ exf6 6. Nf3 Bd6 7. g3 O-O 8. Bg2 Re8+ 9. Be3 f5 10. O-O Qc7 11. Re1 Nd7 12. c4 c5 13. dxc5 Bxc5 14. Bxc5 Rxe1+ 15. Qxe1 Qxc5 16. Rd1 h6 17. Rd5 Qf8 18. Qd2 Qe7 19. Rxf5 Nf6 20. Re5 Qc7 21. b3 Bg4 22. Qe3 Rd8 23. h3 Rd1+ 24. Kh2 Bd7 25. Qxa7 Bc6 26. Qe3 Qd6 27. Qe2 h5 28. c5 Qd8 29. Qc4 h4 30. Nxh4 Ra1 31. Qc2 Qd4 32. Re2 Rd1 33. Nf3 Qd5 34. b4 Ne4 35. Rxe4 1-0

[Event "Copenhagen Unibank"]
[Site "Copenhagen"]
[Date "1991.07.28"]
[Round "2"]
[White "Warwaszynski, Zbigniew"]
[Black "Skousen, Nikolai"]
[Result "1-0"]
[WhiteElo "2290"]
[BlackElo "2245"]
[PlyCount "87"]
[EventDate "1991.07.??"]
[EventType "swiss"]
[EventRounds "9"]
[EventCountry "DEN"]

1. e4 g6 2. d4 Bg7 3. Nf3 d6 4. Nc3 Nf6 5. h3 O-O 6. Be3 c6 7. a4 Nbd7 8. a5 Rb8 9. Be2 b5 10. axb6 axb6 11. O-O b5 12. b4 Nb6 13. Qd2 Be6 14. Bh6 Ra8 15. Bxg7 Kxg7 16. Ng5 Bc4 17. Bxc4 Nxc4 18. Qe2 Qc7 19. f4 Qb6 20. Qf2 h6 21. Nf3 d5 22. e5 Ne4 23. Nxe4 dxe4 24. Nh4 e3 25. Qg3 e2 26. c3 exf1=Q+ 27. Rxf1 Ra3 28. Kh2 Kh7 29. f5 g5 30. f6 Qc7 31. Qd3+ Kg8 32. Nf5 exf6 33. Nxh6+ Kh8 34. Rxf6 Nxe5 35. Qg3 Nf3+ 36. Rxf3 Qxg3+ 37. Kxg3 Kg7 38. Nf5+ Kh7 39. Ne7 Ra6 40. Rf6 Re8 41. Rxf7+ Kh6 42. Rf6+ Kh5 43. Nf5 Ra7 44. Rh6# 1-0

[Event "Copenhagen Unibank"]
[Site "Copenhagen"]
[Date "1991.08.03"]
[Round "8"]
[White "Warwaszynski, Zbigniew"]
[Black "Sorensen, Torben N"]
[Result "1/2-1/2"]
[WhiteElo "2290"]
[BlackElo "2280"]
[PlyCount "103"]
[EventDate "1991.07.??"]
[EventType "swiss"]
[EventRounds "9"]
[EventCountry "DEN"]

1. e4 c5 2. Nf3 e6 3. Nc3 a6 4. d4 cxd4 5. Nxd4 Qc7 6. Be2 b5 7. O-O Bb7 8. Bd3 Nf6 9. Qe2 d6 10. f4 Nbd7 11. Kh1 Be7 12. a3 O-O 13. Bd2 Rfe8 14. Rae1 Nc5 15. b4 Nxd3 16. cxd3 Rac8 17. Rc1 Qb8 18. Nb3 Ba8 19. Be3 Nd7 20. Qf2 Rc7 21. Bd4 Bf6 22. Bxf6 Nxf6 23. Rc2 Nd7 24. Rfc1 Rec8 25. Nd1 Rxc2 26. Rxc2 Rc7 27. Qd2 Qc8 28. Rxc7 Qxc7 29. Qc3 Qxc3 30. Nxc3 g6 31. Kg1 f5 32. Nd2 e5 33. g3 Kf7 34. Kf2 fxe4 35. dxe4 Ke6 36. Ke3 d5 37. exd5+ Bxd5 38. Nde4 Bxe4 39. Nxe4 exf4+ 40. gxf4 Kd5 41. Kd3 h6 42. Nc3+ Ke6 43. Ke4 Nf6+ 44. Kf3 Nd5 45. Ne4 Nb6 46. Nc3 Nc4 47. a4 bxa4 48. Nxa4 Kd5 49. Ke2 Ke4 50. Nc5+ Kxf4 51. Nxa6 Ke4 52. Nc5+ 1/2-1/2

[Event "Copenhagen Unibank"]
[Site "Copenhagen"]
[Date "1991.07.30"]
[Round "4"]
[White "Wlodarczyk, Robert"]
[Black "Bang, Andreas"]
[Result "0-1"]
[WhiteElo "2285"]
[BlackElo "2285"]
[PlyCount "60"]
[EventDate "1991.07.??"]
[EventType "swiss"]
[EventRounds "9"]
[EventCountry "DEN"]

1. e4 c5 2. d3 Nc6 3. g3 d5 4. Nd2 Nf6 5. Bg2 Bg4 6. Ngf3 e6 7. O-O Be7 8. Re1 O-O 9. e5 Nd7 10. h3 Bh5 11. g4 Bg6 12. Nf1 d4 13. Ng3 Rc8 14. g5 b5 15. h4 h5 16. Bf4 Qb6 17. Nd2 c4 18. Nxh5 cxd3 19. cxd3 Nb4 20. Ne4 Bxh5 21. Qxh5 Nxd3 22. Nf6+ Bxf6 23. gxf6 Nxf4 24. Qg4 Ng6 25. h5 d3 26. Rad1 Rc2 27. hxg6 Qxf2+ 28. Kh2 Rc4 29. Re4 Nxe5 30. Qh5 Nxg6 0-1

[Event "Copenhagen Unibank"]
[Site "Copenhagen"]
[Date "1991.08.03"]
[Round "8"]
[White "Wlodarczyk, Robert"]
[Black "Bus, Mariusz"]
[Result "0-1"]
[WhiteElo "2285"]
[BlackElo "2415"]
[PlyCount "45"]
[EventDate "1991.07.??"]
[EventType "swiss"]
[EventRounds "9"]
[EventCountry "DEN"]

1. e4 e6 2. d4 d5 3. exd5 exd5 4. Nf3 Nc6 5. Bb5 Bd6 6. O-O Nge7 7. Ne5 O-O 8. Re1 Bf5 9. Bxc6 Nxc6 10. Nxc6 bxc6 11. Nd2 c5 12. dxc5 Bxc5 13. Nf1 Qf6 14. Bf4 Be4 15. Qd2 Qxb2 16. Rab1 Qxa2 17. Ng3 Bg6 18. Bxc7 Qxc2 19. Qxc2 Bxc2 20. Rbc1 Rfc8 21. Rxc2 Rxc7 22. Rec1 Rac8 23. Nf5 0-1

[Event "Copenhagen Unibank"]
[Site "Copenhagen"]
[Date "1991.08.01"]
[Round "6"]
[White "Wlodarczyk, Robert"]
[Black "Dobronauteanu, Ion Serban"]
[Result "1-0"]
[WhiteElo "2285"]
[BlackElo "2220"]
[PlyCount "79"]
[EventDate "1991.07.??"]
[EventType "swiss"]
[EventRounds "9"]
[EventCountry "DEN"]

1. d4 Nf6 2. Nf3 e6 3. Bg5 d5 4. e3 b6 5. c3 Bd6 6. Nbd2 O-O 7. e4 dxe4 8. Nxe4 Be7 9. Bxf6 Bxf6 10. Bd3 Bb7 11. Qc2 Nd7 12. O-O-O Rc8 13. Kb1 Qe7 14. h4 Bxe4 15. Bxe4 g6 16. h5 Bg7 17. hxg6 hxg6 18. Rh3 Nf6 19. Ne5 Nxe4 20. Qxe4 Qg5 21. Nc6 a5 22. f4 Qf6 23. Rdh1 Rfe8 24. g4 a4 25. a3 Kf8 26. Ka1 Ra8 27. R1h2 Rec8 28. Ne5 Rd8 29. Qxa8 Rxa8 30. Nd7+ Ke7 31. Nxf6 Bxf6 32. g5 Bg7 33. Rh7 Bf8 34. Rh8 Rd8 35. Rg8 Kd7 36. Rh7 Ke8 37. Rhh8 Ke7 38. Kb1 b5 39. Kc2 Ra8 40. Rh7 1-0